000 00672cam a2200193 a 4500
001 13474706
005 20250602125904.0
008 040130s2003 tnua b 000 0 eng d
020 _a0805420800
050 0 0 _aBV601.8
_b.M56 2003
082 0 0 _a253
_222
100 1 _aMims, Gene,
_d1950-
245 1 4 _aThe kingdom focused church :
_ba compelling image of an achievable future for your church /
_cGene Mims.
260 _aNashville, Tenn. :
_bBroadman & Holman,
_cc2003.
300 _ax, 182 p. :
_bill. ;
_c24 cm.
650 0 _aMission of the church.
856 4 2 _3Publisher description
_uhttp://www.loc.gov/catdir/enhancements/fy1003/2004296510-d.html
942 _2lcc
_cBK
_n0
999 _c6136
_d6136